000 00359 a2200157 4500
001 74905
020 _a9788572722384
040 _cAnchieta - Colégio São Paulo
100 _aMachado, Ana Maria
240 1 0 _aNão se mata na mata
_lpor
245 1 0 _aNão se mata na mata
300 _a26
362 0 _a2008
650 4 _aLiteratura infantil
942 _cBK
999 _c74905
_d74905